|
|
|
|
| LEADER |
00000ny a22000003n 4500 |
| 005 |
20110525102714.0 |
| 008 |
040324s2003 sp f f 000 0 spa c |
| 017 |
|
|
|a D.L. M.6232-2003
|
| 020 |
|
|
|a 8495748363
|
| 035 |
|
|
|a 393
|
| 040 |
|
|
|a SpMaUCDE
|d vLex
|
| 040 |
|
|
|a UMA.RE
|d vLex
|
| 080 |
|
|
|a 347.191.12(460)"2002"(094.5)(0.034)
|
| 090 |
|
|
|c 251
|d 251
|
| 100 |
1 |
|
|a Cusc,̤ Margarita
|
| 245 |
1 |
0 |
|a Comentarios a la nueva Ley de fundaciones
|h [Recurso electrn̤ico]
|b Ley 50/2002, de 20 de diciembre/
|c Margarita Cusc,̤ Montserrat Cunillera
|
| 256 |
|
|
|a Servicio en ln̕ea
|
| 260 |
|
|
|a Madrid :
|b DIJUSA,
|c 2003
|
| 300 |
|
|
|a 456 p. ;
|c 25 cm
|
| 500 |
|
|
|a Incluye anexo legislativo: pp. 217-447
|
| 504 |
|
|
|a Bibliogr.: p. 449-456
|
| 506 |
1 |
|
|a Contenido solo disponible en los productos indicados
|d vLex Global
|d vLex Global (Academic Edition, excluding Law Schools)
|d vLex Global (U.S. Academic Edition, Law Schools)
|d vLex Global (U.S. Academic Edition, excluding Law Schools)
|d vLex Global (Academic Edition, Law Schools)
|
| 650 |
0 |
7 |
|a Asociacin̤
|2 Tesauro vLex
|
| 650 |
0 |
7 |
|a Civil
|2 Tesauro vLex
|
| 650 |
0 |
7 |
|a Fundaciones
|2 Tesauro vLex
|
| 700 |
0 |
|
|a Cunillera, Montserrat
|
| 710 |
1 |
|
|a Espaą.
|t Ley de fundaciones,2002
|
| 710 |
1 |
|
|a Espaą.
|t Leyes, etc. de fundaciones
|
| 740 |
0 |
|
|a vLex Libros (Servicios en ln̕ea)
|
| 856 |
4 |
0 |
|u http://vlex.com/source/393
|z Acceso restringido
|
| 942 |
|
|
|c BOOK
|
| 999 |
0 |
|
|a Civil Law
|b Madrid
|